BSOP header

羞辱到榮耀 : 世界觀與客家福音的再思 = Xiu ru dao rong yao : (Record no. 52953)

MARC details
000 -LEADER
fixed length control field 01279nam a2200337Ii 4500
001 - CONTROL NUMBER
control field on1158576325
003 - CONTROL NUMBER IDENTIFIER
control field OCoLC
005 - DATE AND TIME OF LATEST TRANSACTION
control field 20240610083303.0
008 - FIXED-LENGTH DATA ELEMENTS--GENERAL INFORMATION
fixed length control field 200617s2019 ch a b 000 0 chi d
020 ## - INTERNATIONAL STANDARD BOOK NUMBER
International Standard Book Number 9789866355585
020 ## - INTERNATIONAL STANDARD BOOK NUMBER
International Standard Book Number 9866355586
040 ## - CATALOGING SOURCE
Original cataloging agency LGV
Language of cataloging eng
Description conventions rda
Transcribing agency LGV
041 1# - LANGUAGE CODE
Language code of text/sound track or separate title chi
Language code of original and/or intermediate translations of text eng
043 ## - GEOGRAPHIC AREA CODE
Geographic area code a-ch---
050 #4 - LIBRARY OF CONGRESS CALL NUMBER
Classification number BV3423.H25
Item number Qi1
100 1# - MAIN ENTRY--PERSONAL NAME
Linkage 880-01
Personal name Qiu, Xianzheng,
Relator term author.
245 ## - TITLE STATEMENT
Title 羞辱到榮耀 : 世界觀與客家福音的再思 = Xiu ru dao rong yao :
Remainder of title shi jie guan yu ke jia fu yin de zai si = Honor & shame : worldview and reflection on Hakka evangelism {ch} /
Statement of responsibility, etc Qiu Xianzheng zhao ; Zheng Yuqi yi.
250 ## - EDITION STATEMENT
Edition statement 1st ed.
260 ## - PUBLICATION, DISTRIBUTION, ETC. (IMPRINT)
Place of publication, distribution, etc 新北市 :
Name of publisher, distributor, etc 中華福音神學院出版社,
Date of publication, distribution, etc 2019.
300 ## - PHYSICAL DESCRIPTION
Extent 270p. :
Other physical details ill. ;
Dimensions 23cm.
490 1# - SERIES STATEMENT
Series statement Xuan jiao xi lie;
Volume number/sequential designation 15
500 ## - GENERAL NOTE
General note Translation of: Honor & share : worldview and reflection on Hakka evangelism.
504 ## - BIBLIOGRAPHY, ETC. NOTE
Bibliography, etc Includes bibliographical references.
650 #0 - SUBJECT ADDED ENTRY--TOPICAL TERM
Topical term or geographic name as entry element Hakka (Chinese people)
General subdivision Missions
Geographic subdivision Taiwan {ch}.
9 (RLIN) 262
650 #0 - SUBJECT ADDED ENTRY--TOPICAL TERM
Topical term or geographic name as entry element Hakka (Chinese people)
Geographic subdivision Taiwan {ch}.
650 #0 - SUBJECT ADDED ENTRY--TOPICAL TERM
Topical term or geographic name as entry element Christianity and culture
Geographic subdivision Taiwan {ch}.
9 (RLIN) 285
650 #0 - SUBJECT ADDED ENTRY--TOPICAL TERM
Topical term or geographic name as entry element Missions {ch}.
650 #0 - SUBJECT ADDED ENTRY--TOPICAL TERM
Topical term or geographic name as entry element Evangelistic work.
700 1# - ADDED ENTRY--PERSONAL NAME
Linkage 880-07
Personal name Zheng, Yuqi,
Relator term translator.
942 ## - ADDED ENTRY ELEMENTS (KOHA)
Source of classification or shelving scheme Library of Congress Classification
Koha item type Books
Holdings
Withdrawn status Lost status Source of classification or shelving scheme Damaged status Not for loan Home library Current library Shelving location Date acquired Cost, normal purchase price Serial Enumeration / chronology Inventory number Total Checkouts Full call number Barcode Date last seen Price effective from Koha item type Copy number
    Library of Congress Classification     BSOP Library BSOP Library Chinese Books (General Circulation) 06/10/2024 0.00 XV C-15386   BV3423.H25 Qi1 2019 00060751 06/10/2024 06/10/2024 Books  
    Library of Congress Classification     BSOP Library BSOP Library Chinese Books (General Circulation) 02/13/2026 888.00 XV C-16023   BV3423.H25 Qi1 2019 00063270 02/13/2026 02/13/2026 Books c.2
BSOP

Biblical Seminary of the Philippines
  All rights Reserved
  © 2024

CONTACT INFORMATION

Biblical Seminary of the Philippines,
  77-B Karuhatan Road, Valenzuela City,
  PHILIPPINES 1441
  Phone: +632 8292-6795 / 8292-6798
  Fax : +632 8292-6675
  Email: library@bsop.edu.ph